00728nam a2200181 i 4500001000700000003000900007005001700016008004100033080001100074245013500085260003800220300002800258490006600286650002100352710004200373830006600415852006500481170134ES-MaACL20230906214309.0090204s1968 fr |||| | fre d a81(05)00aBulletin de la Société de Linguistique de Paris / cpublié avec le concours du Centre National de la Recherche Scientifique. aParis : bC. Klincksieck, c1968. aXXXV, 261 p. ; c25 cm.1 aBulletin de la Société de Linguistique de Paris ; v63, 1 4aLingüística.2 aSociété de Linguistique de Paris.1 aBulletin de la Société de Linguistique de Paris ; v63, 14 aES-MaACLjE-12413 z- Biblioteca Jacinto Martínez Lacalle